| 000 | 00946cab a2200205 4500 | ||
|---|---|---|---|
| 001 | L130796 | ||
| 008 | 050831n2005 000 0 eng u | ||
| 035 | _a(Sirsi) u130796 | ||
| 041 | 0 | _aeng | |
| 245 |
_aFocus _bout-of-town retail and factory outlets |
||
| 260 | _c2005 | ||
| 490 |
_aEstates Gazette _v(0534) 27 August 2005, 79-87(7) |
||
| 520 | _aLooks at the way owners of some of the older factory outlets are seeking to refresh their tenant mix and to revitalise their centres. Reports on occupiers of out-of-town retail parks having to rethink the structure of their leases or even the matter of location of units. Examines the options open to high street retailer Dixon in its review of where to locate its stores. | ||
| 590 | _aIKA130905 | ||
| 690 | _aPROPERTY-COMMERCIAL PROPERTY-RETAIL PROPERTY-OUT OF TOWN RETAIL PROPERTY | ||
| 700 | _aAttabiye, Maya | ||
| 700 | _aCavanagh, Elaine | ||
| 700 | _aBatham, Matthew | ||
| 942 | _n0 | ||
| 999 |
_c75793 _d75793 |
||